000 00372nam a2200157Ia 4500
003 0STCL
008 150530s9999 xx 000 0 und d
040 _aSTCL
_cSTCL
100 _aAnderson, D.T.
245 _aEmbryology and phylogeny in Annelids and Anthropods
260 _c1973
546 _aEnglish
942 _2ddc
_cBK
999 _c39351
_d39351
005 20220125170457.0